Formel 1 Teams - Sudden Death - Statistiken

Allgemein
  • Dieses Quiz wurde 1.624 mal gespielt
  • Das Durchschnittsergebnis liegt bei 8 aus 10
Answers on the Grid
Answers color-coded by a green-red scale on the quiz's grid according to % correct below.
Alpine
Aston Martin
Audi
Bentley
Chevrolet
Corvette
Ferrari
Ford
Haas
Kick Sauber
Lamborghini
McLaren
Mercedes
Mitsubishi
Monster
Porsche
RB
Red Bull Racing
Toyota
Williams
 
Antwortstatistiken
Antwort % Korrekt
Aston Martin
94%
Alpine
91%
Ferrari
82%
Mercedes
82%
McLaren
80%
Red Bull Racing
80%
Haas
79%
Williams
76%
Kick Sauber
75%
RB
73%
Keine übereinstimmenden Quizze gefunden
Verteilung der Resultate
Anzahl Personen mit jedem Resultat
Perzentil nach korrekt beantworteten Fragen
Ihre Resultats-Entwicklung
Sie haben dieses Quiz noch nicht gespielt